100 joueurs australiens avec la plus grosse valeur marchande - Statistiques

Statistiques générales
  • Ce quiz a été pris 6 fois
  • Le résultat moyen est 4 sur 100
Statistiques - réponses
Club Prix Réponse % Correct
AZ Alkmaar 4 millions Mathew Ryan
100%
Leicester 12 millions Harry Souttar
83%
FC St.Pauli 1,5 millions Jackson Irvine
50%
Al-Wehda 1,5 millions Craig Goodwin
33%
Melbourne City 550k Curtis Good
33%
Toulouse 2 millions Denis Genreau
33%
Melbourne City 2 millions Jamie Maclaren
33%
Grasshopper Zurich 1,3 millions Awer Mabil
17%
Houston Dynamo 850k Brad Smith
17%
FC Volendam 800k Garang Kuol
17%
Perth Glory 700k Adam Taggart
0%
Standard de Liège 750k Aiden O'Neill
0%
Hellas Verone 900k Ajdin Hrustic
0%
Parme 2 millions Alessandro Circati
0%
Colorado Rapids 500k Alex Gersbach
0%
Pohang Steelers 650k Alex Grant
0%
Portsmouth 500k Alex Robertson
0%
Melbourne City 700k Andrew Nabbout
0%
Sydney FC 500k Andrew Redmayne
0%
Western United FC 500k Angus Thurgate
0%
Sydney FC 600k Anthony Caceres
0%
Hajduk Split 1,5 millions Anthony Kalik
0%
Charlton 400k Ashley Maynard-Brewer
0%
Melbourne City 550k Aziz Behich
0%
Lion City Sailors 700k Bailey Wright
0%
Melbourne Victory 450k Ben Folami
0%
Western United FC 550k Ben Garuccio
0%
Adelaide United 400k Ben Halloran
0%
Western Sydney Wanderers 700k Brandon Borrello
0%
Newcastle Jets 450k Brandon O'Neill
0%
Mohun Bagan 400k Brendan Hamill
0%
Melbourne Victory 450k Bruno Fornaroli
0%
Heart of Midlothian 400k Calem Nieuwenhof
0%
Derby County 800k Callum Elder
0%
Ipswich Town 500k Cameron Burgess
0%
Heart of Midlothian 800k Cammy Devlin
0%
Melbourne Victory 450k Chris Ikonomidis
0%
FC St.Pauli 1,5 millions Connor Metcalfe
0%
Al-Orobah 550k Connor Pain
0%
Melbourne Victory 450k Daniel Arzani
0%
Macarthur FC 450k Daniel De Silva
0%
Mohun Bagan 900k Dimitri Petratos
0%
(sans club) 700k Fran Karacic
0%
Western Sydney Wanderers 400k Gabriel Cléur
0%
Viking FK 700k Gianni Stensness
0%
Incheon United 650k Harrison Delbridge
0%
Central Coast Mariners 400k Jacob Farrell
0%
Melbourne Victory 650k Jake Brimmer
0%
Western United FC 450k James Donachie
0%
Hibernian 700k James Jeggo
0%
Mohun Bagan 1,2 millions Jason Cummings
0%
KAS Eupen 400k Jason Davidson
0%
Melbourne Victory 500k Jason Geria
0%
Kerala Blasters 450k Jaushua Sotirio
0%
Adelaide United 450k Joe Gauci
0%
Sydney FC 500k Joel King
0%
KVC Westerlo 900k Jordan Bos
0%
East Bengal FC 450k Jordan Elsey
0%
Western United FC 550k Josh Risdon
0%
Western Sydney Wanderers 500k Joshua Brillante
0%
Central Coast Mariners 400k Joshua Nisbet
0%
Brisbane Roar 400k Kai Trewin
0%
St.Mirren FC 650k Keanu Baccus
0%
Blackpool 700k Kenny Dougall
0%
Heart of Midlothian 1 million Kye Rowles
0%
Suwon FC 600k Lachlan Jackson
0%
Western United FC 550k Lachlan Wales
0%
Western Sydney Wanderers 500k Lawrence Thomas
0%
Lechia Gdansk 450k Louis D'Arrigo
0%
Sydney FC 600k Luke Brattan
0%
Celtic Glasgow 1,5 millions Marco Tilio
0%
Hibernian 1,8 millions Martin Boyle
0%
Ipswich Town 500k Massimo Luongo
0%
Melbourne City 700k Mathew Leckie
0%
Macarthur FC 400k Matthew Millar
0%
Sydney FC 600k Max Burgess
0%
Etoile Rouge Belgrade 2 millions Milos Degenek
0%
Machida Zelvia 700k Mitchell Duke
0%
Nagoya Grampus 500k Mitchell Langerak
0%
Paris FC 400k Mohamed Touré
0%
Heart of Midlothian 850k Nathaniel Atkinson
0%
Viking FK 1 million Nick D'Agostino
0%
Viking FK 1,8 millions Patrick Yazbek
0%
FC Goa 450k Paulo Retre
0%
Newcastle Jets 550k Reno Piscopo
0%
Sydney FC 650k Rhyan Grant
0%
Middlesbrough 4 millions Riley McGree
0%
SD Amorebieta 500k Ryan Edwards
0%
Adelaide United 400k Ryan Kitto
0%
St.Mirren FC 650k Ryan Strain
0%
Middlesbrough 1 million Sam Silvera
0%
Fagiano Okayama 600k Stefan Mauk
0%
Western United FC 500k Steven Lustica
0%
Melbourne City 400k Steven Ugarkovic
0%
Albirex Niigata 600k Thomas Deng
0%
Middlesbrough 750k Tom Glover
0%
Neftchi Fergana 400k Tomislav Mrcela
0%
Newcastle Jets 450k Trent Buhagiar
0%
Al-Wakrah 650k Trent Sainsbury
0%
Fulham 500k Tyrese Francois
0%
Aucun quiz correspondant
Distribution des résultats
% des personnes avec chaque résultat
Percentile par nombre de réponses
Votre historique - résultats
Vous n’avez pas pris ce quiz